[Event "Titled Tuesday intern op 31st Jan Late"]
[Site "Chess.com INT"]
[Date "2023.01.31"]
[Round "9"]
[White "Fernandez, Maria Florencia"]
[Black "Slater Jones, Henry"]
[Result "0-1"]
[WhiteElo "2181"]
[BlackElo "1826"]
[PlyCount "140"]
[EventDate "2023.01.31"]
[EventType "swiss (blitz)"]
[EventRounds "11"]
[EventCountry "USA"]
[SourceTitle "CBM 212 Extra"]
[Source "ChessBase"]
[SourceDate "2023.03.31"]
[SourceVersion "1"]
[SourceVersionDate "2023.03.31"]
[SourceQuality "1"]

1. d4 d5 2. c4 e6 3. Nc3 Nf6 4. cxd5 exd5 5. Bg5 c6 6. e3 Bf5 7. Qb3 Qb6 8. Bxf6 gxf6 9. Nf3 Nd7 10. Nd2 Bd6 11. Be2 Qxb3 12. Nxb3 0-0 13. 0-0 Bg6 14. Na4 Rab8 15. Nac5 Nxc5 16. Nxc5 Rfd8 17. Rac1 Bf5 18. Bd3 Be6 19. Rc2 Bc8 20. Rfc1 Kg7 21. g3 f5 22. f3 Kf6 23. Kf2 Be6 24. Rc3 h5 25. Rb3 Bxc5 26. Rxc5 Rdc8 27. a4 h4 28. a5 Rh8 29. gxh4 Rxh4 30. Rxc6 Rxh2+ 31. Ke1 Rg8 32. Rxb7 Rg1+ 33. Bf1 Rhh1 34. Rxa7 Rxf1+ 35. Kd2 Rh2+ 36. Kc3 Rb1 37. Kb4 Rhxb2+ 38. Kc5 Rb5+ 39. Kd6 Ra1 40. a6 Rba5 41. Rb6 R1a3 42. e4 fxe4 43. fxe4 dxe4 44. d5 Rxd5+ 45. Kc6 Rda5 46. Kb7 e3 47. Rb2 Ra2 48. Rb3 e2 49. Rf3+ Kg5 50. Re3 Kf4 51. Rc3 e1Q 52. Rc7 Qe4+ 53. Kb8 Rb2+ 54. Rab7 Rba2 55. a7 Bd5 56. Rb6 Rxa7 57. Rxa7 Rxa7 58. Kxa7 f5 59. Rb8 Ke3 60. Rb6 f4 61. Kb8 f3 62. Ra6 Ke2 63. Ra3 Kf1 64. Ra1+ Kg2 65. Rc1 f2 66. Rc7 f1Q 67. Rg7+ Kf2 68. Rf7+ Ke1 69. Rc7 Qb5+ 70. Kc8 Qee8# 0-1

[Event "Titled Tuesday intern op 31st Jan Late"]
[Site "Chess.com INT"]
[Date "2023.01.31"]
[Round "10"]
[White "Przybylski, Wojciech"]
[Black "Slater Jones, Henry"]
[Result "0-1"]
[WhiteElo "2321"]
[BlackElo "1826"]
[PlyCount "272"]
[EventDate "2023.01.31"]
[EventType "swiss (blitz)"]
[EventRounds "11"]
[EventCountry "USA"]
[SourceTitle "CBM 212 Extra"]
[Source "ChessBase"]
[SourceDate "2023.03.31"]
[SourceVersion "1"]
[SourceVersionDate "2023.03.31"]
[SourceQuality "1"]

1. e4 c5 2. Nf3 d6 3. d4 cxd4 4. Nxd4 Nf6 5. Nc3 a6 6. Be3 e5 7. Nb3 Ng4 8. Bc1 Nf6 9. f3 Be6 10. Be3 h5 11. Qd2 Nbd7 12. 0-0-0 Be7 13. Nd5 Nxd5 14. exd5 Bf5 15. Bd3 Bxd3 16. Qxd3 g6 17. f4 Qc7 18. f5 g5 19. Rhf1 f6 20. Nd2 Rc8 21. Ne4 Qc4 22. Kb1 Kf7 23. b3 Qxd3 24. Rxd3 b5 25. h3 Rc7 26. Rf2 Rhc8 27. Kb2 Rb8 28. a3 Rbc8 29. g3 Rb8 30. Rd1 Rbc8 31. Rh1 Rb8 32. Rfh2 Rbc8 33. Ra1 Rb8 34. Rf2 Rbc8 35. a4 b4 36. Rc1 a5 37. Rd2 Rb7 38. Rd3 Rbc7 39. Rd2 Ke8 40. Rh2 Kf7 41. Rch1 Ke8 42. Rd1 Kf7 43. Rg2 Rb8 44. Rf1 Rbc8 45. Ra1 Rb8 46. Rd1 Rbc8 47. Rb1 Rb8 48. Rc1 Rbc8 49. Re2 Rb8 50. Nd2 Nc5 51. Ra1 Rbc8 52. Nc4 Ra8 53. Bf2 Ra6 54. Kc1 Nd7 55. Kd2 Nc5 56. Bg1 Nd7 57. Rd1 Nc5 58. Bxc5 Rxc5 59. Kc1 Ke8 60. Kb2 Kd7 61. Re4 Bd8 62. Rd3 Rc8 63. Kc1 Bc7 64. Kd2 Rg8 65. Ke2 Raa8 66. Kf3 Rac8 67. Rd1 Bd8 68. Re2 Rc5 69. Ke4 Be7 70. Rh2 Bd8 71. Rd3 Bc7 72. Rf3 Rc8 73. Re2 Bd8 74. Kd3 Rb8 75. Re4 Rbc8 76. Rf1 Rb8 77. Rb1 Rbc8 78. Rb2 Rb8 79. Ra2 Rbc8 80. Ra1 Rb8 81. Rb1 Rbc8 82. c3 Rb8 83. Rb2 Rb7 84. Rd2 Bc7 85. Kc2 Bd8 86. Rd3 Bc7 87. cxb4 Rxb4 88. Kb2 Bd8 89. Nd2 Rb7 90. Rc4 Bb6 91. Rxc5 Bxc5 92. Nc4 Bb4 93. Kc2 Rc7 94. Kd1 Rc5 95. Ke2 Rc8 96. Ke3 Rb8 97. Ke4 Rb7 98. Rd1 Rb8 99. Rb1 Rb7 100. Rc1 Rb8 101. Rc2 Rb7 102. Kd3 Rb8 103. Rc1 Rb7 104. Kc2 Rb8 105. Rd1 Rb7 106. Rd3 Rb8 107. Re3 Rb7 108. Re4 Rb8 109. Nb2 Rb7 110. Nd3 Bc5 111. Rc4 Rc7 112. Kd1 Rc8 113. Rd4 Bxd4 114. Kd2 Bc5 115. Nb2 Bb4+ 116. Kd1 Rc3 117. Nc4 Rxg3 118. Nb6+ Ke7 119. Nc4 Rxh3 120. Ke2 Rc3 121. Nb6 Rxb3 122. Nc8+ Kd7 123. Na7 Bc5 124. Nc6 Rb2+ 125. Kd3 h4 126. Nxa5 h3 127. Nc4 Rg2 128. a5 h2 129. a6 h1Q 130. a7 Qd1+ 131. Kc3 Bxa7 132. Na5 Qc1+ 133. Kb4 Rb2+ 134. Nb3 Qc2 135. Ka5 Qxb3 136. Ka6 Ra2# 0-1

[Event "Titled Tuesday intern op 31st Jan Late"]
[Site "Chess.com INT"]
[Date "2023.01.31"]
[Round "5"]
[White "Sai, Han Thiha"]
[Black "Slater Jones, Henry"]
[Result "0-1"]
[WhiteElo "2070"]
[BlackElo "1826"]
[PlyCount "136"]
[EventDate "2023.01.31"]
[EventType "swiss (blitz)"]
[EventRounds "11"]
[EventCountry "USA"]
[SourceTitle "CBM 212 Extra"]
[Source "ChessBase"]
[SourceDate "2023.03.31"]
[SourceVersion "1"]
[SourceVersionDate "2023.03.31"]
[SourceQuality "1"]

1. d4 d5 2. c4 e6 3. Nc3 Nf6 4. Bg5 Be7 5. e3 Nbd7 6. Nf3 c6 7. Qc2 0-0 8. a3 b6 9. cxd5 exd5 10. Bd3 Bb7 11. 0-0 Rc8 12. Rad1 h6 13. Bh4 c5 14. dxc5 bxc5 15. Bf5 Rb8 16. Bxd7 Qxd7 17. Bxf6 Bxf6 18. Ne4 Be7 19. Nxc5 Qc6 20. b4 Rfc8 21. Nd4 Qc7 22. Ndb3 a5 23. Nxa5 Bxc5 24. Nxb7 Rxb7 25. bxc5 Qxc5 26. Qf5 Ra8 27. Rxd5 Qxa3 28. g3 Qb2 29. Rfd1 Re7 30. Rd8+ Re8 31. R1d7 Rexd8 32. Qxf7+ Kh8 33. g4 Rxd7 34. Qxd7 Qf6 35. Kg2 Rf8 36. f4 Qb2+ 37. Kg3 Qe2 38. Qe7 Qe1+ 39. Kf3 Qf1+ 40. Kg3 Rg8 41. h4 Qe1+ 42. Kf3 Qd1+ 43. Kg3 Qd8 44. Qa7 Re8 45. g5 Qd3 46. Kf3 Qd1+ 47. Kf2 Qh1 48. gxh6 Qxh4+ 49. Kf3 Qh5+ 50. Kf2 Qxh6 51. Qd4 Qf6 52. Qc5 Rd8 53. Kf3 Kg8 54. Qc4+ Qf7 55. Qc5 Re8 56. Kf2 Rd8 57. Kf3 Qd5+ 58. Qxd5+ Rxd5 59. e4 Rd8 60. e5 Kf7 61. Ke4 Rd1 62. f5 Ke7 63. Kf4 Re1 64. Kg5 Rxe5 65. Kg6 Kf8 66. Kg5 Kf7 67. Kf4 Kf6 68. Kg4 Rxf5 0-1

[Event "Titled Tuesday intern op 31st Jan Late"]
[Site "Chess.com INT"]
[Date "2023.01.31"]
[Round "1"]
[White "Slater Jones, Henry"]
[Black "Iskusnyh, Sergei"]
[Result "0-1"]
[WhiteElo "1826"]
[BlackElo "2443"]
[PlyCount "80"]
[EventDate "2023.01.31"]
[EventType "swiss (blitz)"]
[EventRounds "11"]
[EventCountry "USA"]
[SourceTitle "CBM 212 Extra"]
[Source "ChessBase"]
[SourceDate "2023.03.31"]
[SourceVersion "1"]
[SourceVersionDate "2023.03.31"]
[SourceQuality "1"]

1. d4 d5 2. c4 c6 3. Nf3 Nf6 4. Qc2 dxc4 5. Qxc4 Bf5 6. g3 e6 7. Bg2 Nbd7 8. 0-0 Be7 9. Rd1 0-0 10. Nbd2 Rc8 11. Qb3 b5 12. Nh4 Bg4 13. Nhf3 a6 14. h3 Bh5 15. g4 Bg6 16. Ne5 Nxe5 17. dxe5 Nd7 18. Nf3 Qc7 19. Bf4 Nc5 20. Qe3 Na4 21. b3 Nb6 22. Bg5 Nd5 23. Qc1 c5 24. Bxe7 Qxe7 25. Qa3 Nc3 26. Re1 Qa7 27. Rac1 b4 28. Qb2 c4 29. a3 a5 30. Nd2 cxb3 31. Nxb3 Rfd8 32. axb4 axb4 33. Kh1 Qxf2 34. Rf1 Qg3 35. Rf3 Qxe5 36. Qc2 Bxc2 37. Rxc2 Ne4 38. Rxc8 Rxc8 39. Re3 Nf2+ 40. Kg1 Qxe3 0-1

[Event "AUS-ch U18"]
[Site "Gold Coast"]
[Date "2020.01.25"]
[Round "8"]
[White "Poberezovsky, Daniel"]
[Black "Slater Jones, Henry"]
[Result "0-1"]
[WhiteElo "1654"]
[BlackElo "1874"]
[PlyCount "70"]
[EventDate "2020.01.18"]
[EventType "swiss"]
[EventRounds "9"]
[EventCountry "AUS"]
[SourceTitle "EXT 2021"]
[Source "ChessBase"]
[SourceDate "2020.10.23"]
[SourceVersion "1"]
[SourceVersionDate "2020.10.23"]
[SourceQuality "1"]

1. c4 c6 2. b3 d5 3. Bb2 Nf6 4. g3 Bf5 5. d3 e6 6. Bg2 Be7 7. Nf3 Nbd7 8. 0-0 0-0 9. Nbd2 a5 10. Re1 a4 11. e4 Bg6 12. cxd5 cxd5 13. Nh4 Nc5 14. Nxg6 hxg6 15. Bxf6 Bxf6 16. e5 Be7 17. d4 Nd7 18. Bf1 Qb6 19. Nf3 a3 20. Rc1 Nb8 21. Qd3 Nc6 22. Qb5 Qa7 23. Red1 Bd8 24. Qa4 Qxa4 25. bxa4 Nb4 26. Rd2 Rxa4 27. Rb1 Be7 28. Ne1 Rc8 29. Bb5 Raa8 30. Nd3 Rc2 31. Rxc2 Nxc2 32. Ne1 Nxd4 33. Bd3 Rb8 34. Kg2 Nc6 35. f4 Nb4 0-1

[Event "AUS-ch U18"]
[Site "Gold Coast"]
[Date "2020.01.19"]
[Round "3"]
[White "Slater Jones, Henry"]
[Black "Renjith, Sravan"]
[Result "1/2-1/2"]
[WhiteElo "1874"]
[BlackElo "2029"]
[PlyCount "89"]
[EventDate "2020.01.18"]
[EventType "swiss"]
[EventRounds "9"]
[EventCountry "AUS"]
[SourceTitle "EXT 2021"]
[Source "ChessBase"]
[SourceDate "2020.10.23"]
[SourceVersion "1"]
[SourceVersionDate "2020.10.23"]
[SourceQuality "1"]

1. d4 Nf6 2. c4 e6 3. Nc3 Bb4 4. Qc2 d5 5. a3 Bxc3+ 6. Qxc3 0-0 7. Bg5 h6 8. Bh4 Nbd7 9. Nf3 b6 10. Rc1 Qe8 11. cxd5 Nxd5 12. Qc6 Rb8 13. Bg3 Bb7 14. Qc2 Rc8 15. e4 N5f6 16. Bd3 c5 17. Bd6 cxd4 18. Qb1 Rxc1+ 19. Qxc1 Qc8 20. Qb1 Re8 21. e5 Ne4 22. Bxe4 Bxe4 23. Qxe4 Qc1+ 24. Ke2 Qxh1 25. Qc6 d3+ 26. Ke3 Qd1 27. Qxd7 Qc1+ 28. Kxd3 Rc8 29. Nd2 a5 30. Ke2 Rc2 31. Be7 Qxb2 32. Qd8+ Kh7 33. Qd3+ Kg8 34. Qd8+ Kh7 35. Qd3+ g6 36. Bf6 Qc3 37. Qxc3 Rxc3 38. Bd8 Rxa3 39. Bxb6 a4 40. Bc5 Rc3 41. Bb4 Rc6 42. Kd3 g5 43. Ne4 Kg6 44. Nc5 Kf5 45. Nxa4 1/2-1/2

[Event "Oceania-ch U20"]
[Site "Auckland"]
[Date "2019.01.12"]
[Round "9"]
[White "Slater Jones, Henry"]
[Black "Zelesco, Karl"]
[Result "0-1"]
[WhiteElo "1965"]
[BlackElo "2412"]
[PlyCount "112"]
[EventDate "2019.01.08"]
[EventType "swiss"]
[EventRounds "9"]
[EventCountry "NZL"]
[SourceTitle "EXT 2020"]
[Source "ChessBase"]
[SourceDate "2019.10.17"]
[SourceVersion "1"]
[SourceVersionDate "2019.10.17"]
[SourceQuality "1"]

1. d4 d5 2. c4 c6 3. Nf3 Nf6 4. Nc3 dxc4 5. a4 Bf5 6. e3 e6 7. Bxc4 Bb4 8. 0-0 Nbd7 9. Qe2 Bg6 10. Rd1 0-0 11. Bd3 Bxd3 12. Qxd3 Qa5 13. Bd2 e5 14. d5 Rac8 15. dxc6 Rxc6 16. Nd5 Nxd5 17. Bxb4 Nxb4 18. Qxd7 e4 19. Nd4 Rc7 20. Qb5 Qxb5 21. axb5 b6 22. Nc6 Nxc6 23. Rac1 Rfc8 24. Rd6 Kf8 25. Rdxc6 Rxc6 26. bxc6 Ke7 27. b4 a6 28. Kf1 b5 29. c7 Kd7 30. Ra1 Ra8 31. Rc1 f5 32. Rc5 g6 33. g4 fxg4 34. Re5 Rc8 35. Rxe4 h5 36. Rd4+ Kxc7 37. Rd5 Kb6 38. Ke2 Rc6 39. Rd8 Kc7 40. Ra8 Kd7 41. Rg8 Ke7 42. Kf1 Kf6 43. Rd8 Ke5 44. Ke2 Rc2+ 45. Kf1 Rb2 46. Ra8 Ra2 47. Rg8 Kf5 48. Ra8 h4 49. Rf8+ Kg5 50. Rf4 h3 51. f3 gxf3 52. Rxf3 Rxh2 53. Rg3+ Kf5 54. Rf3+ Kg4 55. Rf6 g5 56. Rxa6 Rb2 0-1

[Event "Oceania-ch U20"]
[Site "Auckland"]
[Date "2019.01.09"]
[Round "3"]
[White "Jiang, Bill"]
[Black "Slater Jones, Henry"]
[Result "1/2-1/2"]
[WhiteElo "2006"]
[BlackElo "1965"]
[PlyCount "56"]
[EventDate "2019.01.08"]
[EventType "swiss"]
[EventRounds "9"]
[EventCountry "NZL"]
[SourceTitle "EXT 2020"]
[Source "ChessBase"]
[SourceDate "2019.10.17"]
[SourceVersion "1"]
[SourceVersionDate "2019.10.17"]
[SourceQuality "1"]

1. d4 d5 2. c4 e6 3. Nf3 Nf6 4. g3 Be7 5. Bg2 0-0 6. 0-0 dxc4 7. Qc2 a6 8. a4 Bd7 9. Qxc4 Bc6 10. Bg5 Nbd7 11. Nc3 Nb6 12. Qd3 h6 13. Bxf6 Bxf6 14. e4 Qd7 15. b3 Rfd8 16. Rfd1 Qe8 17. a5 Nc8 18. Qc2 Na7 19. Ne2 Nb5 20. Rac1 Qf8 21. e5 Be7 22. h4 Bb4 23. Ra1 Rac8 24. Qd3 Bd5 25. g4 c5 26. dxc5 Bxc5 27. g5 Bc6 28. Qb1 g6 1/2-1/2

[Event "Doeberl Cup 56th"]
[Site "Canberra"]
[Date "2018.03.31"]
[Round "5"]
[White "Prasad, Lalit"]
[Black "Slater Jones, Henry"]
[Result "0-1"]
[WhiteElo "1986"]
[BlackElo "1869"]
[PlyCount "84"]
[EventDate "2018.03.29"]
[EventType "swiss"]
[EventRounds "9"]
[EventCountry "AUS"]
[SourceTitle "EXT 2023"]
[Source "ChessBase"]
[SourceDate "2022.10.05"]
[SourceVersion "1"]
[SourceVersionDate "2022.10.05"]
[SourceQuality "1"]

1. c4 e6 2. g3 Nf6 3. Bg2 d5 4. Nf3 Be7 5. b3 c5 6. cxd5 exd5 7. d4 b6 8. 0-0 Bb7 9. Bb2 0-0 10. Nbd2 Nbd7 11. e3 Rc8 12. Ne5 cxd4 13. exd4 Ne4 14. Bh3 f5 15. f3 Ng5 16. Bg2 g6 17. Nxd7 Qxd7 18. h4 Nf7 19. f4 Nd6 20. Ba3 Ne4 21. Nxe4 dxe4 22. Bxe7 Qxe7 23. Qe2 Qb4 24. Rfd1 Rfd8 25. Qd2 Qxd2 26. Rxd2 Rc3 27. Bf1 Rxg3+ 28. Kh2 Rc3 29. Rad1 Bd5 30. h5 Rdc8 31. Bc4 Bxc4 32. bxc4 R3xc4 33. d5 Rc2 34. Kg3 Rxd2 35. Rxd2 Kf7 36. Kh4 Kf6 37. d6 Rd8 38. a4 Ke6 39. hxg6 hxg6 40. Rg2 Rxd6 41. Rxg6+ Kd5 42. Rg5 Rf6 0-1

[Event "AUS-ch Major"]
[Site "Cammeray"]
[Date "2018.01.08"]
[Round "7"]
[White "Slater Jones, Henry"]
[Black "Davis, Tony J"]
[Result "1/2-1/2"]
[WhiteElo "1820"]
[BlackElo "1902"]
[PlyCount "152"]
[EventDate "2018.01.02"]
[EventType "swiss"]
[EventRounds "11"]
[EventCountry "AUS"]
[SourceTitle "CBM 182 Extra"]
[Source "ChessBase"]
[SourceDate "2018.02.23"]
[SourceVersion "1"]
[SourceVersionDate "2018.02.23"]
[SourceQuality "1"]

1. d4 e6 2. c4 d5 3. Nc3 Be7 4. Nf3 Nf6 5. Bg5 h6 6. Bh4 a6 7. cxd5 exd5 8. e3 c6 9. Ne5 Ne4 10. Bxe7 Qxe7 11. Bd3 Nd7 12. Nxd7 Bxd7 13. 0-0 0-0 14. Qc2 f5 15. Rae1 Qg5 16. f3 Nd6 17. Na4 Rae8 18. Nc5 Bc8 19. Qd2 Re7 20. Re2 Rfe8 21. Rfe1 Qf6 22. Qc3 Nb5 23. Bxb5 axb5 24. Nd3 g5 25. Ne5 Rg7 26. f4 Qd6 27. Ra1 Be6 28. a4 Ra8 29. Qc2 Qb4 30. Nd3 Qd6 31. Ree1 bxa4 32. Rxa4 Rc8 33. b4 Bd7 34. Qc5 Qe6 35. Ne5 Kh7 36. Ra7 Rcg8 37. Rxb7 gxf4 38. Rxd7 Rxd7 39. Nxd7 Qxd7 40. exf4 Rg7 41. Re5 Qa7 42. Qxa7 Rxa7 43. b5 cxb5 44. Rxf5 Rb7 45. Rxd5 b4 46. Rc5 b3 47. Rc1 Kg6 48. Kf2 Kf5 49. Kf3 h5 50. g3 b2 51. Rb1 Rb3+ 52. Ke2 Ke4 53. Kd2 Kxd4 54. Kc2 Rf3 55. Rd1+ Ke4 56. Re1+ Kd4 57. Re2 h4 58. Rg2 h3 59. Rd2+ Ke4 60. Kxb2 Rf1 61. Kc2 Rg1 62. Re2+ Kf3 63. Rd2 Ke4 64. f5 Kxf5 65. Kd3 Rg2 66. Ke3 Rg1 67. Kf3 Rf1+ 68. Rf2 Ra1 69. Rb2 Ra3+ 70. Kf2 Ra4 71. Re2 Kg4 72. Ke3 Ra3+ 73. Ke4 Rxg3 74. hxg3 Kxg3 75. Ra2 h2 76. Rxh2 Kxh2 1/2-1/2

[Event "AUS-ch Major"]
[Site "Cammeray"]
[Date "2018.01.06"]
[Round "6"]
[White "Zheng, Shucheng"]
[Black "Slater Jones, Henry"]
[Result "1/2-1/2"]
[WhiteElo "1879"]
[BlackElo "1820"]
[PlyCount "126"]
[EventDate "2018.01.02"]
[EventType "swiss"]
[EventRounds "11"]
[EventCountry "AUS"]
[SourceTitle "CBM 182 Extra"]
[Source "ChessBase"]
[SourceDate "2018.02.23"]
[SourceVersion "1"]
[SourceVersionDate "2018.02.23"]
[SourceQuality "1"]

1. d4 d5 2. c4 e6 3. Nc3 c6 4. Nf3 Nf6 5. Bg5 Nbd7 6. e3 Bd6 7. Bd3 0-0 8. cxd5 exd5 9. 0-0 Re8 10. a3 h6 11. Bh4 Be7 12. Bg3 Bf8 13. Qc2 Qe7 14. b4 a6 15. Na4 Ne4 16. Nc5 f5 17. Bxe4 fxe4 18. Ne5 Nxe5 19. Bxe5 Qg5 20. f4 exf3 21. Rxf3 Rxe5 22. dxe5 Qxe5 23. Raf1 Bd6 24. Rg3 Qe7 25. Rgf3 Bg4 26. Rf7 Qxe3+ 27. Kh1 Qe5 28. g3 Bh3 29. Nxb7 Bxf1 30. Rxf1 Rc8 31. Kg2 Qe7 32. Na5 c5 33. Qf5 Qe4+ 34. Qxe4 dxe4 35. Nb7 Bf8 36. Rc1 c4 37. Rc3 Kf7 38. Na5 Ke6 39. Nxc4 Be7 40. Kf2 Bf6 41. Rc2 Bd4+ 42. Ke2 Rf8 43. Nd2 Rf2+ 44. Kd1 Kd5 45. Rc8 Bf6 46. Re8 Rxh2 47. Nxe4 Ra2 48. Nxf6+ gxf6 49. Re3 h5 50. Kc1 f5 51. Rf3 Ke4 52. Rf4+ Ke5 53. Rf3 Rh2 54. a4 Rh3 55. b5 axb5 56. axb5 h4 57. b6 hxg3 58. b7 Rh8 59. Rxg3 Rd8 60. Rb3 Rb8 61. Kd2 Kf4 62. Ke2 Kg4 63. Kf2 Kf4 1/2-1/2

[Event "AUS-ch Major"]
[Site "Cammeray"]
[Date "2018.01.03"]
[Round "2"]
[White "Slater Jones, Henry"]
[Black "Spuler, David"]
[Result "1-0"]
[WhiteElo "1820"]
[BlackElo "1917"]
[PlyCount "87"]
[EventDate "2018.01.02"]
[EventType "swiss"]
[EventRounds "11"]
[EventCountry "AUS"]
[SourceTitle "CBM 182 Extra"]
[Source "ChessBase"]
[SourceDate "2018.02.23"]
[SourceVersion "1"]
[SourceVersionDate "2018.02.23"]
[SourceQuality "1"]

1. d4 Nf6 2. c4 e6 3. Nc3 Bb4 4. Nf3 Ne4 5. Qc2 d5 6. e3 0-0 7. Bd3 f5 8. Ne5 Nd7 9. Nxd7 Bxd7 10. 0-0 c6 11. f3 Nf6 12. Qb3 Qe7 13. a3 Bxc3 14. bxc3 b6 15. a4 Rfe8 16. Ba3 Qf7 17. Bd6 Bc8 18. e4 Ba6 19. a5 dxc4 20. Bxc4 Bxc4 21. Qxc4 Qd7 22. Be5 b5 23. Qb3 Qf7 24. c4 a6 25. Rac1 Rac8 26. Rc3 Nd7 27. Bd6 e5 28. cxb5 Qxb3 29. Rxb3 cxb5 30. exf5 exd4 31. Rd1 Re2 32. Rbd3 Ra2 33. Rxd4 Rxa5 34. Be7 Ne5 35. Bb4 Ra4 36. Rd8+ Kf7 37. Rxc8 Rxb4 38. Rd6 a5 39. Rc7+ Ke8 40. Ra6 Nd7 41. Rxa5 Kd8 42. Rb7 Rb1+ 43. Kf2 b4 44. Rd5 1-0

[Event "Australian op"]
[Site "Brisbane"]
[Date "2017.01.02"]
[Round "1"]
[White "Ang, Alphaeus Wei Ern"]
[Black "Slater Jones, Henry"]
[Result "1-0"]
[WhiteElo "2271"]
[BlackElo "1766"]
[PlyCount "61"]
[EventDate "2017.01.02"]
[EventType "swiss"]
[EventRounds "11"]
[EventCountry "AUS"]
[SourceTitle "CBM 176 Extra"]
[Source "ChessBase"]
[SourceDate "2017.03.02"]
[SourceVersion "1"]
[SourceVersionDate "2017.03.02"]
[SourceQuality "1"]

1. d4 d5 2. c4 e6 3. Nc3 Nf6 4. Bg5 Nbd7 5. cxd5 exd5 6. e3 c6 7. Bd3 Be7 8. Qc2 h6 9. Bxf6 Nxf6 10. Nf3 0-0 11. h3 b6 12. Ne5 Bb7 13. Ne2 Bd6 14. 0-0 Rc8 15. Bf5 Rc7 16. Nf4 Qe7 17. Nf3 Re8 18. g4 Ne4 19. Nd2 Nxd2 20. Qxd2 Qh4 21. Kg2 Bxf4 22. exf4 Rce7 23. Rfe1 g6 24. Bd3 Rxe1 25. Rxe1 Rxe1 26. Qxe1 Kf8 27. Qe5 Qd8 28. Qh8+ Ke7 29. Qxh6 c5 30. Qg5+ Ke8 31. Bb5+ 1-0

[Event "Wch U14"]
[Site "Khanty-Mansiysk"]
[Date "2016.09.30"]
[Round "8"]
[White "Slater Jones, Henry"]
[Black "Horn, Aldo"]
[Result "1-0"]
[WhiteElo "1825"]
[BlackElo "1307"]
[PlyCount "33"]
[EventDate "2016.09.22"]
[EventType "swiss"]
[EventRounds "11"]
[EventCountry "RUS"]
[SourceTitle "EXT 2017"]
[Source "ChessBase"]
[SourceDate "2016.10.25"]
[SourceVersion "1"]
[SourceVersionDate "2016.10.25"]
[SourceQuality "1"]

1. d4 d5 2. c4 Nf6 3. Nc3 e6 4. Bg5 c5 5. cxd5 exd5 6. Bxf6 Qxf6 7. Nxd5 Qc6 8. e4 Be6 9. Bb5 Bd6 10. Bxc6+ Nxc6 11. dxc5 Be5 12. Nf3 0-0 13. Nxe5 Nxe5 14. 0-0 Rad8 15. Qb3 Nc6 16. Rfd1 Rfe8 17. f3 1-0

[Event "Wch U14"]
[Site "Khanty-Mansiysk"]
[Date "2016.09.26"]
[Round "5"]
[White "Kakuk, Tibor"]
[Black "Slater Jones, Henry"]
[Result "1-0"]
[WhiteElo "1622"]
[BlackElo "1825"]
[PlyCount "49"]
[EventDate "2016.09.22"]
[EventType "swiss"]
[EventRounds "11"]
[EventCountry "RUS"]
[SourceTitle "EXT 2017"]
[Source "ChessBase"]
[SourceDate "2016.10.25"]
[SourceVersion "1"]
[SourceVersionDate "2016.10.25"]
[SourceQuality "1"]

1. e4 c5 2. Nf3 d6 3. d4 cxd4 4. Nxd4 Nf6 5. Nc3 a6 6. f3 h5 7. Be3 e5 8. Nb3 Be6 9. Qd2 Qc7 10. 0-0-0 b5 11. f4 Nc6 12. h3 Rc8 13. Be2 Na5 14. Kb1 Nc4 15. Bxc4 Bxc4 16. Nd5 Bxd5 17. exd5 Ne4 18. Qd3 Qc4 19. Na5 Qxd3 20. Rxd3 exf4 21. Bxf4 Nc5 22. Re3+ Kd7 23. Rhe1 f6 24. Nc6 g5 25. Re7+ 1-0

[Event "Wch U14"]
[Site "Khanty-Mansiysk"]
[Date "2016.09.24"]
[Round "3"]
[White "Ajigulov, Nurmat"]
[Black "Slater Jones, Henry"]
[Result "1/2-1/2"]
[WhiteElo "1626"]
[BlackElo "1825"]
[PlyCount "94"]
[EventDate "2016.09.22"]
[EventType "swiss"]
[EventRounds "11"]
[EventCountry "RUS"]
[SourceTitle "EXT 2017"]
[Source "ChessBase"]
[SourceDate "2016.10.25"]
[SourceVersion "1"]
[SourceVersionDate "2016.10.25"]
[SourceQuality "1"]

1. e4 c5 2. Nf3 d6 3. d4 cxd4 4. Nxd4 Nf6 5. Nc3 a6 6. Be2 e5 7. Nf3 Be6 8. 0-0 h6 9. h3 Be7 10. Be3 0-0 11. Nd2 Qc7 12. Kh1 d5 13. exd5 Nxd5 14. Nxd5 Bxd5 15. Bf3 Rd8 16. Bxd5 Rxd5 17. Qf3 Rd8 18. c3 Nd7 19. Rad1 Rf8 20. Nb3 Nf6 21. Qf5 Rfd8 22. Rxd8+ Rxd8 23. f4 Nd5 24. Bd2 Nxf4 25. Bxf4 exf4 26. Nd4 Bd6 27. Qg4 Be5 28. Nf5 Kh7 29. Re1 f6 30. Nh4 Qf7 31. Qf5+ g6 32. Qe4 h5 33. Nf3 Re8 34. Qa4 g5 35. Rd1 Re7 36. Qe4+ Qg6 37. Qb4 g4 38. Nxe5 fxe5 39. Rd6 Qf7 40. Rb6 Qg7 41. h4 Rd7 42. Rd6 Rxd6 43. Qxd6 Kh8 44. Qe6 g3 45. Qc8+ Kh7 46. Qf5+ Kh8 47. Qc8+ Kh7 1/2-1/2

[Event "Wch U14"]
[Site "Khanty-Mansiysk"]
[Date "2016.09.23"]
[Round "2"]
[White "Slater Jones, Henry"]
[Black "Teclaf, Pawel"]
[Result "0-1"]
[WhiteElo "1825"]
[BlackElo "2342"]
[PlyCount "70"]
[EventDate "2016.09.22"]
[EventType "swiss"]
[EventRounds "11"]
[EventCountry "RUS"]
[SourceTitle "EXT 2017"]
[Source "ChessBase"]
[SourceDate "2016.10.25"]
[SourceVersion "1"]
[SourceVersionDate "2016.10.25"]
[SourceQuality "1"]

1. d4 Nf6 2. c4 g6 3. Nc3 d5 4. Bg5 Ne4 5. Bh4 Nxc3 6. bxc3 Bg7 7. Nf3 c5 8. e3 Nc6 9. Be2 dxc4 10. Bxc4 Qa5 11. Qd2 0-0 12. 0-0 Bg4 13. Bd5 Rfd8 14. Bxc6 bxc6 15. Rfd1 cxd4 16. Bxe7 Rd7 17. Bb4 Qh5 18. exd4 Bxf3 19. gxf3 Be5 20. Qe3 Qxh2+ 21. Kf1 Bd6 22. Bxd6 Rxd6 23. Qg5 Qh1+ 24. Qg1 Qxf3 25. Qg3 Qh1+ 26. Ke2 Qe4+ 27. Qe3 Qd5 28. Kd2 Re6 29. Qg3 Rae8 30. Qd3 Qg2 31. Rf1 Qg5+ 32. Kd1 Qh5+ 33. Kc2 Re2+ 34. Kc1 Qg5+ 35. Kb1 Rb8+ 0-1

[Event "Wch U14"]
[Site "Khanty-Mansiysk"]
[Date "2016.09.22"]
[Round "1"]
[White "Peng, Hongchi"]
[Black "Slater Jones, Henry"]
[Result "1-0"]
[WhiteElo "2241"]
[BlackElo "1825"]
[PlyCount "63"]
[EventDate "2016.09.22"]
[EventType "swiss"]
[EventRounds "11"]
[EventCountry "RUS"]
[SourceTitle "EXT 2017"]
[Source "ChessBase"]
[SourceDate "2016.10.25"]
[SourceVersion "1"]
[SourceVersionDate "2016.10.25"]
[SourceQuality "1"]

1. d4 Nf6 2. c4 g6 3. Nc3 Bg7 4. e4 d6 5. Nf3 0-0 6. Be2 e5 7. 0-0 Nc6 8. d5 Ne7 9. b4 a5 10. Ba3 axb4 11. Bxb4 b6 12. a4 Ne8 13. Nb5 f5 14. a5 bxa5 15. Rxa5 Rxa5 16. Bxa5 Bd7 17. exf5 Bxb5 18. cxb5 Nxf5 19. Qc2 Bh6 20. Bd3 Qd7 21. Qc6 Qxc6 22. dxc6 Ne7 23. Re1 Kh8 24. Bc4 Rf6 25. Nxe5 dxe5 26. Rxe5 Bf8 27. Bc3 Kg7 28. Re6 g5 29. b6 cxb6 30. c7 Ng6 31. Bxf6+ Nxf6 32. c8Q 1-0